| 000 | 00829nam a2200277Ia 4500 | ||
|---|---|---|---|
| 003 | OSt | ||
| 005 | 20220928115108.0 | ||
| 006 | a|||||r|||| 00| 0 | ||
| 007 | ta | ||
| 008 | 220927b |||||||| |||| 00| 0 eng d | ||
| 020 | _c2429.1900000000001 | ||
| 024 | _a113140 | ||
| 037 |
_b146, 09/11/2011, Classic Book Service _cTextual |
||
| 040 |
_aSDCL _cSDCL _beng |
||
| 041 |
_2eng _aeng |
||
| 082 | _aX:51-8, P9 | ||
| 100 |
_aWilson Richard M S _9443024 |
||
| 245 | 0 | _aStrategic marketing planning. | |
| 250 | _a2 | ||
| 260 |
_aAmsterdam _bElsevier _c2009 |
||
| 300 |
_ax,552p _ccm. |
||
| 650 |
_aBusiness Economics _9391653 |
||
| 700 |
_a Gilligan Colin _9443025 |
||
| 942 |
_hX:51-8, P9 _cTEXL _2CC |
||
| 999 |
_c758188 _d758188 |
||